000
00226nam a22001097a 4500
082
_a
494
_b
SRI/B
245
_a
BHAL AKSHAR GEETH
260
_a
MADURAI
_b
SRI RAM PUBLICATIONS
300
_a
16
650
_a
POEM
_z
INDIA
942
_c
BK
999
_c
4595
_d
4595